[Event "European Club Cup 2006"]
[Site "Fuegen AUT"]
[Date "2006.10.12"]
[Round "5.47"]
[White "Gulbas, Cemil"]
[Black "Lutsko, Igor"]
[Result "1-0"]
[WhiteElo "2379"]
[BlackElo "2489"]
[PlyCount "65"]
[EventDate "2006.10.08"]
[EventType "team"]
[EventRounds "7"]
[EventCountry "AUT"]
[Source "lmi"]
[SourceDate "2006.10.08"]

1. e4 c5 2. Nf3 d6 3. d4 cxd4 4. Nxd4 Nf6 5. Nc3 Nc6 6. Bg5 e6 7. Qd2 a6 8.
O-O-O Bd7 9. f3 h6 10. Be3 b5 11. g4 Ne5 12. Bd3 Qc7 13. Kb1 b4 14. Nce2 d5 15.
g5 dxe4 16. fxe4 Nfg4 17. gxh6 gxh6 18. Bg1 Ng6 19. h3 N4e5 20. Bh2 Qb6 21.
Rhf1 Bd6 22. Nb3 a5 23. Bg1 Qc7 24. Ned4 a4 25. Nb5 Bxb5 26. Bxb5+ Ke7 27. Nd4
f6 28. h4 Rh7 29. h5 Nh8 30. Bh2 Nhf7 31. Nxe6 Qb7 32. Nd4 Rd8 33. Qf4 1-0

[Event "European Club Cup 2006"]
[Site "Fuegen AUT"]
[Date "2006.10.12"]
[Round "5.48"]
[White "Mochalov, Evgeny V"]
[Black "Hautot, Stephane"]
[Result "1/2-1/2"]
[WhiteElo "2419"]
[BlackElo "2368"]
[PlyCount "103"]
[EventDate "2006.10.08"]
[EventType "team"]
[EventRounds "7"]
[EventCountry "AUT"]
[Source "lmi"]
[SourceDate "2006.10.08"]

1. c4 c5 2. Nf3 Nc6 3. d4 cxd4 4. Nxd4 g6 5. g3 Bg7 6. Nc2 Nf6 7. Bg2 O-O 8.
O-O d6 9. Nc3 Be6 10. b3 Qa5 11. Bd2 Qb6 12. Rc1 Rac8 13. Ne3 Rfd8 14. Ncd5
Bxd5 15. cxd5 Ne5 16. Rc2 Qa6 17. Re1 Bh6 18. Qc1 Rxc2 19. Qxc2 Ned7 20. Kf1
Nb6 21. f4 Rc8 22. Qb1 Bg7 23. a4 Nbd7 24. Rc1 Rxc1+ 25. Qxc1 Nc5 26. Qc2 Nfd7
27. a5 Qb5 28. b4 Na6 29. Be4 Nf6 30. Bd3 Qd7 31. Kg2 Nc7 32. Bc4 a6 33. Bb3
Nb5 34. Ba4 Ne8 35. Nd1 Nec7 36. e4 Qg4 37. Nf2 Qe2 38. Qd3 Qxd3 39. Nxd3 f5
40. exf5 gxf5 41. Bb3 Nc3 42. Bxc3 Bxc3 43. h3 h5 44. g4 hxg4 45. hxg4 fxg4 46.
Kg3 Kg7 47. Kxg4 Kf6 48. Bc4 Ne8 49. Bb3 Nc7 50. Bc4 Ne8 51. Bb3 Nc7 52. Bc4
1/2-1/2

[Event "European Club Cup 2006"]
[Site "Fuegen AUT"]
[Date "2006.10.12"]
[Round "5.50"]
[White "Roiz, Michael"]
[Black "Hochstrasser, Michael"]
[Result "1/2-1/2"]
[WhiteElo "2611"]
[BlackElo "2363"]
[PlyCount "245"]
[EventDate "2006.10.08"]
[EventType "team"]
[EventRounds "7"]
[EventCountry "AUT"]
[Source "lmi"]
[SourceDate "2006.10.08"]

1. c4 c6 2. Nf3 d5 3. e3 Nf6 4. Nc3 Bg4 5. h3 Bxf3 6. Qxf3 e6 7. d4 Nbd7 8. Bd2
Be7 9. g4 Bb4 10. O-O-O Nb6 11. c5 Nbd7 12. Bd3 e5 13. Bc2 e4 14. Qe2 Bxc3 15.
Bxc3 O-O 16. Rhg1 Qe7 17. g5 Ne8 18. f3 f5 19. gxf6 Nexf6 20. f4 Kh8 21. Rg5
Rf7 22. Rdg1 Ng8 23. Bd1 Nh6 24. Qe1 Nf5 25. Bh5 g6 26. Bd1 Nf8 27. h4 Ne6 28.
R5g4 Neg7 29. Rh1 Nh5 30. Rg5 Nfg7 31. b4 a6 32. a4 Rf5 33. Bg4 Rxg5 34. hxg5
Qf7 35. Rh3 Kg8 36. Kb2 Rf8 37. Qh1 Rc8 38. Be2 Ra8 39. Qd1 Qd7 40. Bg4 Qf7 41.
Bd2 Rf8 42. Qb3 Nf5 43. Rh1 Ra8 44. Ra1 Nhg7 45. b5 axb5 46. axb5 Qe8 47. Ra4
Ne6 48. Rb4 Qc8 49. Be2 Nd8 50. Ra4 Rxa4 51. Qxa4 Qb8 52. Qa5 Kf7 53. Qb6 Qc8
54. Bd1 Ne7 55. Ba5 Ne6 56. Qa7 Ng7 57. Bd2 Qh3 58. Qxb7 Qf1 59. Bc2 Qe2 60.
bxc6 Ne6 61. Be1 Nd8 62. Qb3 Ndxc6 63. Qc3 Qb5+ 64. Qb3 Qe2 65. Kb1 Na5 66. Qb6
Nac6 67. Ba4 Qd3+ 68. Bc2 Qc3 69. Qb3 Qxb3+ 70. Bxb3 Ke8 71. Kc2 Kd7 72. Kc3
Kc8 73. Bc2 Kb7 74. Kb3 Nf5 75. Ka4 Nfe7 76. Bd1 Ka6 77. Be2+ Kb7 78. Bg4 Nf5
79. Bh3 Ka6 80. Kb3 Kb7 81. Kc2 Kc8 82. Bf1 Kb7 83. Kd1 Kc8 84. Bh3 Kd7 85. Ke2
Ke6 86. Kf2 Ke7 87. Bg4 Ke6 88. Kg1 Nce7 89. Ba5 Kd7 90. Kf2 Nc6 91. Bb6 Ke6
92. Bd1 Kd7 93. Ba4 Nfe7 94. Bb5 Nf5 95. Bd8 Ng7 96. Be7 Nf5 97. Bf6 Kc7 98.
Be5+ Kd7 99. Ba4 Nfe7 100. Bg7 Nf5 101. Bf8 Nh4 102. Bd6 Nf5 103. Bb8 Nh4 104.
f5 Nxf5 105. Be5 Nfe7 106. Kg3 Nf5+ 107. Kf4 Nh4 108. Kg4 Nf5 109. Bf4 Ng7 110.
Bh2 Nf5 111. Kf4 Nfe7 112. Bd1 Nf5 113. Bg1 Ke6 114. Bf2 Nb4 115. Kg4 Nc6 116.
Ba4 Kd7 117. Kf4 Nfe7 118. Bd1 Nf5 119. Bg4 Ke6 120. Be1 Nd8 121. Bd2 Nc6 122.
Be1 Nd8 123. Bd2 1/2-1/2

[Event "European Club Cup 2006"]
[Site "Fuegen AUT"]
[Date "2006.10.12"]
[Round "5.51"]
[White "Moor, Olivier"]
[Black "Golod, Vitali"]
[Result "1/2-1/2"]
[WhiteElo "2388"]
[BlackElo "2582"]
[PlyCount "42"]
[EventDate "2006.10.08"]
[EventType "team"]
[EventRounds "7"]
[EventCountry "AUT"]
[Source "lmi"]
[SourceDate "2006.10.08"]

1. d4 Nf6 2. c4 g6 3. Nc3 Bg7 4. e4 d6 5. Be2 O-O 6. Bg5 Na6 7. Qd2 c5 8. d5 e6
9. Nf3 exd5 10. exd5 Re8 11. O-O Qb6 12. Rae1 Bd7 13. h3 Ne4 14. Nxe4 Rxe4 15.
Bd3 Rxe1 16. Rxe1 Qxb2 17. Qxb2 Bxb2 18. Re7 Nb8 19. Bf4 Bg7 20. Re3 Na6 21.
Bxd6 Re8 1/2-1/2

[Event "European Club Cup 2006"]
[Site "Fuegen AUT"]
[Date "2006.10.12"]
[Round "5.52"]
[White "Khmelniker, Ilya"]
[Black "Zenklusen, Rico"]
[Result "1/2-1/2"]
[WhiteElo "2404"]
[BlackElo "2348"]
[PlyCount "65"]
[EventDate "2006.10.08"]
[EventType "team"]
[EventRounds "7"]
[EventCountry "AUT"]
[Source "lmi"]
[SourceDate "2006.10.08"]

1. d4 Nf6 2. c4 e6 3. Nf3 b6 4. g3 Bb7 5. Bg2 Be7 6. O-O O-O 7. Nc3 Ne4 8. Bd2
Bf6 9. Qc2 Nxd2 10. Qxd2 d6 11. Rad1 c5 12. d5 Bxc3 13. Qxc3 exd5 14. cxd5 Nd7
15. Rfe1 Re8 16. e4 Qe7 17. Nh4 Qf6 18. Nf5 Rad8 19. f4 g6 20. Nh6+ Kf8 21. e5
Qg7 22. Ng4 h5 23. Nf6 Nxf6 24. exf6 Qh8 25. b4 Kg8 26. Re7 Rxe7 27. fxe7 Re8
28. Qa3 Qf6 29. Qxa7 Qxe7 30. Qxb6 h4 31. gxh4 Qxh4 32. Qxb7 Qg4 33. Rf1
1/2-1/2

[Event "European Club Cup 2006"]
[Site "Fuegen AUT"]
[Date "2006.10.12"]
[Round "5.53"]
[White "Moor, Roger"]
[Black "Dvoirys, Semen"]
[Result "1/2-1/2"]
[WhiteElo "2401"]
[BlackElo "2553"]
[PlyCount "68"]
[EventDate "2006.10.08"]
[EventType "team"]
[EventRounds "7"]
[EventCountry "AUT"]
[Source "lmi"]
[SourceDate "2006.10.08"]

1. Nf3 c5 2. c4 Nf6 3. g3 Nc6 4. Bg2 d6 5. Nc3 g6 6. O-O Bg7 7. d4 cxd4 8. Nxd4
Bd7 9. Nc2 Rc8 10. b3 Qa5 11. Bd2 Qh5 12. e4 Qxd1 13. Rfxd1 Ng4 14. h3 Nge5 15.
Be1 g5 16. Ne3 Nb4 17. Kf1 g4 18. hxg4 Nxg4 19. Nf5 Bxf5 20. exf5 Nc2 21. Rac1
Nxe1 22. Rxe1 Bxc3 23. Rxc3 b6 24. Bf3 Nf6 25. b4 Rg8 26. c5 Rg5 27. Rce3 dxc5
28. Rxe7+ Kf8 29. Rxa7 Rxf5 30. Bg2 Ng4 31. Bh3 Rxf2+ 32. Kg1 Rf3 33. Kg2 Rf2+
34. Kg1 Rf3 1/2-1/2

[Event "European Club Cup 2006"]
[Site "Fuegen AUT"]
[Date "2006.10.12"]
[Round "5.54"]
[White "Greenfeld, Alon"]
[Black "Gaehler, Marco"]
[Result "1/2-1/2"]
[WhiteElo "2567"]
[BlackElo "2206"]
[PlyCount "105"]
[EventDate "2006.10.08"]
[EventType "team"]
[EventRounds "7"]
[EventCountry "AUT"]
[Source "lmi"]
[SourceDate "2006.10.08"]

1. d4 Nf6 2. Nf3 g6 3. c4 Bg7 4. g3 O-O 5. Bg2 c5 6. O-O d5 7. dxc5 dxc4 8. Ne5
Nfd7 9. Nxc4 Nxc5 10. Nc3 Nba6 11. Bg5 Be6 12. Nd5 Bxd5 13. Qxd5 Qxd5 14. Bxd5
Rfd8 15. Rad1 Rd7 16. Bf3 Rad8 17. Rxd7 Rxd7 18. Na5 Ne6 19. Be3 b6 20. Nc6
Bxb2 21. Rb1 Bf6 22. a4 h5 23. h4 Kg7 24. Kg2 Nac5 25. a5 Nd4 26. axb6 axb6 27.
Nxd4 Bxd4 28. Bxd4+ Rxd4 29. Rxb6 Rd2 30. Rb5 Ne6 31. e3 Rc2 32. Be4 Rc4 33.
Bd3 Rc5 34. Rb3 Rc7 35. Ra3 Nc5 36. Bb1 Rb7 37. Bc2 Nd7 38. Ra2 Ne5 39. Bd1 Kf6
40. Be2 e6 41. Rd2 Rd7 42. Rc2 Ra7 43. Kh3 Ra4 44. f4 Nd7 45. Rc7 Nb6 46. Bb5
Ra8 47. e4 Rd8 48. Rb7 Nc8 49. Bd7 e5 50. fxe5+ Kxe5 51. Bxc8 Rxc8 52. Rxf7 Rc4
53. Re7+ 1/2-1/2

[Event "European Club Cup 2006"]
[Site "Fuegen AUT"]
[Date "2006.10.12"]
[Round "5.55"]
[White "Wirig, Anthony"]
[Black "Schlosser, Philipp"]
[Result "0-1"]
[WhiteElo "2439"]
[BlackElo "2554"]
[PlyCount "99"]
[EventDate "2006.10.08"]
[EventType "team"]
[EventRounds "7"]
[EventCountry "AUT"]
[Source "lmi"]
[SourceDate "2006.10.08"]

1. e4 c5 2. Nf3 e6 3. d4 cxd4 4. Nxd4 Nf6 5. Nc3 d6 6. Be2 a6 7. a4 Nc6 8. Be3
Be7 9. O-O O-O 10. f4 Qc7 11. Kh1 Re8 12. Qd2 Bf8 13. Rad1 Rb8 14. Bf3 Nd7 15.
Qf2 Nb4 16. Qg3 b6 17. e5 dxe5 18. f5 Nf6 19. Bg5 exf5 20. Bxf6 f4 21. Qh4 exd4
22. Bxd4 Bf5 23. Nd5 Nxd5 24. Bxd5 Bd6 25. c4 h6 26. Rd2 Kh7 27. Qh5 g6 28. Qf3
g5 29. Qc3 Qe7 30. Bf6 Qf8 31. Rd3 Bb4 32. Qb3 Kg6 33. Bd4 Bc5 34. Rd2 Bxd4 35.
Rxd4 Re3 36. Qd1 Rbe8 37. Bf3 Qb4 38. Bh5+ Kg7 39. c5 Qxc5 40. Rd5 Re1 41. Rxc5
Rxd1 42. Rxd1 bxc5 43. Kg1 Be6 44. Rd6 Rb8 45. Rxa6 Rxb2 46. h3 Rb1+ 47. Kh2
Ra1 48. a5 c4 49. Be2 Bd5 50. Bf3 0-1

[Event "European Club Cup 2006"]
[Site "Fuegen AUT"]
[Date "2006.10.12"]
[Round "5.57"]
[White "Niklasch, Oliver"]
[Black "Lehner, Oliver"]
[Result "1-0"]
[WhiteElo "2419"]
[BlackElo "2421"]
[PlyCount "51"]
[EventDate "2006.10.08"]
[EventType "team"]
[EventRounds "7"]
[EventCountry "AUT"]
[Source "lmi"]
[SourceDate "2006.10.08"]

1. Nf3 Nf6 2. g3 d5 3. Bg2 e6 4. c4 dxc4 5. Qa4+ c6 6. Qxc4 b5 7. Qc2 Bb7 8.
O-O Nbd7 9. d4 Rc8 10. Nc3 b4 11. Ne4 Qb6 12. Nxf6+ Nxf6 13. Ne5 Qxd4 14. Bf4
Qc5 15. Qa4 Nd5 16. Rac1 Qb6 17. Rfd1 f6 18. Bxd5 exd5 19. Rxd5 fxe5 20. Rxe5+
Be7 21. Rc4 a5 22. Rce4 Rc7 23. Be3 Qa6 24. Bg5 O-O 25. Bxe7 c5 26. Bxf8 1-0

[Event "European Club Cup 2006"]
[Site "Fuegen AUT"]
[Date "2006.10.12"]
[Round "5.58"]
[White "Schwarz, Michael"]
[Black "Pucher, Olivier"]
[Result "1-0"]
[WhiteElo "2399"]
[BlackElo "2306"]
[PlyCount "107"]
[EventDate "2006.10.08"]
[EventType "team"]
[EventRounds "7"]
[EventCountry "AUT"]
[Source "lmi"]
[SourceDate "2006.10.08"]

1. g3 c5 2. Bg2 g6 3. Nf3 Bg7 4. O-O Nc6 5. c3 e5 6. d3 Nge7 7. e4 O-O 8. Be3
d6 9. a3 Kh8 10. b4 b6 11. Nh4 cxb4 12. axb4 d5 13. b5 d4 14. Bc1 Na5 15. c4
Be6 16. Na3 Ng8 17. Bd2 Nb7 18. Nc2 Nc5 19. Nb4 Bh6 20. Bxh6 Nxh6 21. Qd2 Kg7
22. Ra3 Qd6 23. Rfa1 Rfc8 24. Nf3 Rc7 25. Ne1 Ng8 26. Nec2 Ne7 27. Na6 Nxa6 28.
Rxa6 Bc8 29. R6a3 a5 30. bxa6 Rca7 31. Nb4 Nc6 32. Nd5 Ne7 33. Qb4 Qxb4 34.
Nxb4 g5 35. Bf3 Kf6 36. Bd1 Ke6 37. Ba4 Kd6 38. Bb5 Kc5 39. Nd5 Nxd5 40. exd5
Bh3 41. Bc6 Rd8 42. Rb1 Rb8 43. Bb7 Bd7 44. f3 f6 45. g4 Be8 46. Kf2 Bd7 47.
Kg3 h5 48. gxh5 f5 49. Rab3 Rbxb7 50. axb7 Rxb7 51. h6 Ra7 52. Rxb6 Ra2 53.
R1b2 Ra8 54. Rb8 1-0

[Event "European Club Cup 2006"]
[Site "Fuegen AUT"]
[Date "2006.10.12"]
[Round "5.60"]
[White "Kleissl, Helmut"]
[Black "Schartz, Alain"]
[Result "1-0"]
[WhiteElo "2320"]
[BlackElo "2112"]
[PlyCount "101"]
[EventDate "2006.10.08"]
[EventType "team"]
[EventRounds "7"]
[EventCountry "AUT"]
[Source "lmi"]
[SourceDate "2006.10.08"]

1. Nf3 d5 2. d4 e6 3. c4 c6 4. Qc2 Nf6 5. Bg5 h6 6. Bxf6 Qxf6 7. e3 Nd7 8. Nc3
Bd6 9. O-O-O O-O 10. h4 Bb4 11. Be2 Bxc3 12. Qxc3 dxc4 13. g4 c5 14. g5 Qg6 15.
h5 Qf5 16. gxh6 gxh6 17. dxc5 Qf6 18. Rd4 Kh8 19. Qxc4 Ne5 20. Nxe5 Qxe5 21.
Qc3 Qg7 22. Rhd1 e5 23. Rd6 Be6 24. Bc4 Bxc4 25. Qxc4 Rac8 26. Kb1 Qg5 27. Qd5
Qf5+ 28. Ka1 Rc6 29. Rxc6 bxc6 30. Qxc6 Kh7 31. a3 Rc8 32. Qd5 Qxh5 33. Qe4+
Kh8 34. Rc1 Qg5 35. c6 Rc7 36. f4 exf4 37. exf4 Qg7 38. Qe5 Qxe5 39. fxe5 Kg7
40. b4 Kg6 41. b5 Kf5 42. Rd1 Kxe5 43. Rd7 Rc8 44. Rxa7 Kd5 45. Rxf7 Kc5 46. a4
Kb4 47. Rf1 Ka5 48. Rb1 Kb6 49. a5+ Kxa5 50. b6 Rxc6 51. b7 1-0

[Event "European Club Cup 2006"]
[Site "Fuegen AUT"]
[Date "2006.10.12"]
[Round "5.62"]
[White "Korneev, Oleg"]
[Black "Limontas, Martynas"]
[Result "1-0"]
[WhiteElo "2657"]
[BlackElo "2306"]
[PlyCount "130"]
[EventDate "2006.10.08"]
[EventType "team"]
[EventRounds "7"]
[EventCountry "AUT"]
[Source "lmi"]
[SourceDate "2006.10.08"]

1. e4 e6 2. d4 d5 3. Nc3 Bb4 4. e5 Ne7 5. a3 Bxc3+ 6. bxc3 b6 7. Qg4 Ng6 8. h4
h5 9. Qd1 Qd7 10. Bg5 Qc6 11. Rh3 Ba6 12. Bxa6 Nxa6 13. Ne2 Qc4 14. Rd3 c5 15.
Ng3 Rc8 16. Nxh5 Rh7 17. g4 Nc7 18. f4 Nb5 19. f5 Nf8 20. f6 g6 21. Ng7+ Kd7
22. Qd2 cxd4 23. cxd4 Nc3 24. Rh3 a5 25. Qd3 Ne4 26. Be3 Qxc2 27. Qb5+ Qc6 28.
Qxc6+ Rxc6 29. h5 Rh8 30. Rb1 g5 31. Bd2 Kc8 32. Rhb3 Nd7 33. Rb5 Nxd2 34. Kxd2
Kc7 35. R5b3 Rc8 36. Rc3 Rxc3 37. Kxc3 Kb7+ 38. Kd3 Ka6 39. h6 Nf8 40. Rb2 Kb7
41. Rc2 Rd8 42. a4 Ng6 43. Rh2 Rh8 44. h7 Nh4 45. Rc2 Ng6 46. Rc1 Nh4 47. Rh1
Kc6 48. Rh2 Kd7 49. Ke3 Rb8 50. Rh1 Rh8 51. Kf2 Rb8 52. Nh5 Rh8 53. Nf4 Rxh7
54. Ng2 Rh8 55. Nxh4 gxh4 56. Kg2 b5 57. axb5 a4 58. Ra1 Ra8 59. Kh3 Kc7 60. g5
Kb6 61. g6 fxg6 62. Kxh4 Kxb5 63. Kg5 Kb4 64. f7 a3 65. Kxg6 Rd8 1-0

[Event "European Club Cup 2006"]
[Site "Fuegen AUT"]
[Date "2006.10.12"]
[Round "5.63"]
[White "Chocenka, Dmitrijus"]
[Black "Popov, Valerij"]
[Result "1-0"]
[WhiteElo "2272"]
[BlackElo "2591"]
[PlyCount "81"]
[EventDate "2006.10.08"]
[EventType "team"]
[EventRounds "7"]
[EventCountry "AUT"]
[Source "lmi"]
[SourceDate "2006.10.08"]

1. e4 e6 2. d4 d5 3. exd5 exd5 4. Bd3 c5 5. Nf3 c4 6. Be2 Nc6 7. O-O Bd6 8. b3
cxb3 9. axb3 Nge7 10. c4 O-O 11. Nc3 b6 12. Be3 dxc4 13. bxc4 Nf5 14. Bd3 Nxe3
15. fxe3 Kh8 16. Kh1 Bg4 17. Nb5 Re8 18. Nxd6 Qxd6 19. Ng5 Qd7 20. Nxf7+ Qxf7
21. Qxg4 Qg8 22. Rf3 g6 23. Rh3 Re6 24. d5 Rd6 25. Rd1 Ne5 26. Qd4 Qg7 27. Rh4
Nd7 28. Rf1 Rf8 29. Rxf8+ Nxf8 30. Re4 a5 31. Re8 Kg8 32. Kg1 Qf6 33. Qxf6 Rxf6
34. Ra8 Kf7 35. c5 bxc5 36. Rxa5 Rb6 37. Rxc5 Rb3 38. Bc4 Rxe3 39. d6+ Kf6 40.
Rc8 Nd7 41. Bb5 1-0

[Event "European Club Cup 2006"]
[Site "Fuegen AUT"]
[Date "2006.10.12"]
[Round "5.67"]
[White "Vogt, Lothar"]
[Black "Arben, Avdiu"]
[Result "1-0"]
[WhiteElo "2479"]
[BlackElo "2000"]
[PlyCount "59"]
[EventDate "2006.10.08"]
[EventType "team"]
[EventRounds "7"]
[EventCountry "AUT"]
[Source "lmi"]
[SourceDate "2006.10.08"]

1. e4 c5 2. c3 d5 3. exd5 Qxd5 4. d4 Nf6 5. Nf3 e6 6. Be3 cxd4 7. cxd4 Nc6 8.
Nc3 Qa5 9. a3 a6 10. Bd3 Qc7 11. O-O Bd6 12. Qe2 O-O 13. Bg5 Nd5 14. Qe4 f5 15.
Nxd5 Qf7 16. Qh4 exd5 17. Bf4 Bxf4 18. Qxf4 Bd7 19. Rfe1 Rae8 20. h4 g6 21. b4
Rxe1+ 22. Rxe1 Re8 23. Rc1 Qf6 24. Rc5 Be6 25. Bxa6 Nxd4 26. Nxd4 bxa6 27. Rc6
Qf7 28. Rxa6 Bc8 29. Ra8 Kg7 30. Nf3 1-0

[Event "European Club Cup 2006"]
[Site "Fuegen AUT"]
[Date "2006.10.12"]
[Round "5.70"]
[White "Horvath, Adam"]
[Black "Johannessen, Leif Erlend"]
[Result "1-0"]
[WhiteElo "2495"]
[BlackElo "2551"]
[PlyCount "77"]
[EventDate "2006.10.08"]
[EventType "team"]
[EventRounds "7"]
[EventCountry "AUT"]
[Source "lmi"]
[SourceDate "2006.10.08"]

1. e4 e5 2. Nf3 Nc6 3. Bb5 a6 4. Ba4 Nf6 5. O-O Be7 6. Re1 b5 7. Bb3 d6 8. c3
O-O 9. d4 Bg4 10. d5 Na5 11. Bc2 c6 12. h3 Bc8 13. dxc6 Qc7 14. Nbd2 Qxc6 15.
Nf1 Be6 16. Ng3 Rfe8 17. Ng5 Bd7 18. a4 h6 19. Nf3 Be6 20. Nh4 Bf8 21. Nhf5 Kh7
22. Nd4 exd4 23. e5+ g6 24. exf6 Nb3 25. Bxh6 Nxa1 26. Bxf8 Nxc2 27. Re4 Rxf8
28. Rh4+ Kg8 29. Qxc2 Bxh3 30. Rxh3 d5 31. Nh5 Rfe8 32. Qd2 Qd6 33. g3 Re5 34.
Qh6 Qf8 35. Ng7 Rh5 36. Rxh5 gxh5 37. Qg5 Kh7 38. Qxh5+ Kg8 39. Nf5 1-0

[Event "European Club Cup 2006"]
[Site "Fuegen AUT"]
[Date "2006.10.12"]
[Round "5.71"]
[White "Ogaard, Leif"]
[Black "Boros, Denes"]
[Result "0-1"]
[WhiteElo "2395"]
[BlackElo "2465"]
[PlyCount "82"]
[EventDate "2006.10.08"]
[EventType "team"]
[EventRounds "7"]
[EventCountry "AUT"]
[Source "lmi"]
[SourceDate "2006.10.08"]

1. d4 Nf6 2. c4 g6 3. Nf3 Bg7 4. g3 d5 5. cxd5 Nxd5 6. Bg2 Nb6 7. O-O Nc6 8. e3
e5 9. dxe5 Qxd1 10. Rxd1 Nxe5 11. Nxe5 Bxe5 12. f4 Bg7 13. Nc3 O-O 14. e4 Bg4
15. Re1 Bd4+ 16. Be3 Bxe3+ 17. Rxe3 Nc4 18. Ree1 Be6 19. b3 Nb6 20. Nb5 c6 21.
Nd6 Rab8 22. Rad1 Rfd8 23. Kf2 a5 24. Bf3 a4 25. Re3 Kf8 26. Red3 f6 27. Ke3
Ke7 28. h4 Rd7 29. g4 axb3 30. axb3 Rxd6 31. Rxd6 Bxb3 32. Rb1 Nc4+ 33. Kd3
Kxd6 34. Rxb3 Kc5 35. Kc3 b5 36. Kc2 Ra8 37. Rd3 Ra2+ 38. Kc1 Rh2 39. e5 fxe5
40. f5 gxf5 41. gxf5 Rxh4 0-1

[Event "European Club Cup 2006"]
[Site "Fuegen AUT"]
[Date "2006.10.12"]
[Round "5.72"]
[White "Horvath, Gyula"]
[Black "Hammer, Jon Ludvig"]
[Result "0-1"]
[WhiteElo "2431"]
[BlackElo "2380"]
[PlyCount "80"]
[EventDate "2006.10.08"]
[EventType "team"]
[EventRounds "7"]
[EventCountry "AUT"]
[Source "lmi"]
[SourceDate "2006.10.08"]

1. e4 e5 2. Bc4 Nf6 3. d3 Nc6 4. Nc3 Bb4 5. Nge2 d5 6. exd5 Nxd5 7. O-O Be6 8.
Ne4 O-O 9. N2g3 Be7 10. Qh5 Qd7 11. Ng5 Bxg5 12. Qxg5 f6 13. Qh5 Kh8 14. Ne4 b6
15. Bd2 Nd4 16. Qd1 Rae8 17. Re1 h6 18. a3 Qf7 19. Nc3 c6 20. Nxd5 cxd5 21. Ba2
Qg6 22. Kh1 Rc8 23. Rc1 Rfd8 24. f3 Bf5 25. Be3 Nc6 26. Qd2 d4 27. Bf2 Qg5 28.
Qxg5 hxg5 29. g3 Nb8 30. Kg2 Rc7 31. f4 gxf4 32. gxf4 exf4 33. Kf3 g5 34. h4
Kg7 35. Rg1 Kh6 36. Rh1 Kg6 37. hxg5 fxg5 38. Rcg1 Nc6 39. Ke2 Ne5 40. Kd1 Bg4+
0-1

[Event "European Club Cup 2006"]
[Site "Fuegen AUT"]
[Date "2006.10.12"]
[Round "5.73"]
[White "Trygstad, Kristian"]
[Black "Csiszar, Csaba"]
[Result "1-0"]
[WhiteElo "2327"]
[BlackElo "2440"]
[PlyCount "81"]
[EventDate "2006.10.08"]
[EventType "team"]
[EventRounds "7"]
[EventCountry "AUT"]
[Source "lmi"]
[SourceDate "2006.10.08"]

1. e4 c5 2. Nf3 Nc6 3. d4 cxd4 4. Nxd4 e5 5. Nb5 d6 6. N1c3 a6 7. Na3 b5 8. Nd5
Nge7 9. c4 Nd4 10. cxb5 Nxd5 11. exd5 Be7 12. Bc4 O-O 13. O-O f5 14. bxa6 f4
15. Nc2 Nf5 16. a4 Rf6 17. Ra3 Rh6 18. Re1 Nh4 19. b4 Bf8 20. Bf1 g5 21. b5 g4
22. Nd4 exd4 23. Bxf4 Rh5 24. Qxd4 Nf5 25. Qe4 Bd7 26. h3 Ng7 27. Be2 Qa5 28.
Raa1 Re8 29. Qd4 Rxe2 30. Rxe2 gxh3 31. Bd2 Qd8 32. Ra3 Rh4 33. Re4 Nf5 34.
Rg4+ Kf7 35. Rf3 h2+ 36. Kh1 Rh5 37. a7 Qc8 38. Bc3 Ke8 39. Qe4+ Ne7 40. Rg8
Bf5 41. Qg4 1-0

[Event "European Club Cup 2006"]
[Site "Fuegen AUT"]
[Date "2006.10.12"]
[Round "5.74"]
[White "Meszaros, Tamas"]
[Black "Moen, Ole Christian"]
[Result "1/2-1/2"]
[WhiteElo "2352"]
[BlackElo "2244"]
[PlyCount "110"]
[EventDate "2006.10.08"]
[EventType "team"]
[EventRounds "7"]
[EventCountry "AUT"]
[Source "lmi"]
[SourceDate "2006.10.08"]

1. e4 e5 2. Nf3 Nc6 3. Bb5 a6 4. Ba4 Nf6 5. O-O b5 6. Bb3 Be7 7. Re1 O-O 8. h3
Bb7 9. d3 d6 10. a3 Nd7 11. Nc3 Bf6 12. Nd5 Ne7 13. Nxf6+ Nxf6 14. Bg5 Ng6 15.
Nh4 Nxh4 16. Bxh4 h6 17. f3 g5 18. Bf2 Nh5 19. a4 c5 20. g3 Ng7 21. c3 Ne6 22.
d4 Qf6 23. d5 Nc7 24. Bc2 Bc8 25. Kg2 Bd7 26. b4 cxb4 27. cxb4 bxa4 28. Bxa4
Nb5 29. Qd2 Rfc8 30. Rec1 Kg7 31. Bd1 Rxc1 32. Rxc1 Rc8 33. Ra1 Ra8 34. Be2 Qd8
35. Be3 f6 36. h4 Qe7 37. Bf2 Nc7 38. Bb6 Bb5 39. Bd1 Rb8 40. Be3 Na8 41. h5
Qd7 42. g4 Nb6 43. Bxb6 Rxb6 44. Rc1 Qa7 45. Qe3 Bd7 46. Be2 Qb7 47. Qc3 Kf7
48. Qc7 Ke7 49. Qxb7 Rxb7 50. Bxa6 Rxb4 51. Bc8 Rb2+ 52. Kg3 Bb5 53. Be6 Ba6
54. Rc6 Bf1 55. Rc7+ Ke8 1/2-1/2

[Event "European Club Cup 2006"]
[Site "Fuegen AUT"]
[Date "2006.10.12"]
[Round "5.75"]
[White "Kovachev, Daniel"]
[Black "Csiszar, Zoltan"]
[Result "1/2-1/2"]
[WhiteElo "2132"]
[BlackElo "2304"]
[PlyCount "62"]
[EventDate "2006.10.08"]
[EventType "team"]
[EventRounds "7"]
[EventCountry "AUT"]
[Source "lmi"]
[SourceDate "2006.10.08"]

1. e4 c6 2. d4 d5 3. e5 c5 4. dxc5 Nc6 5. Bb5 e6 6. Be3 Nge7 7. c3 Qc7 8. Nf3
Bd7 9. Bd4 Nf5 10. Qe2 Nfxd4 11. cxd4 b6 12. cxb6 Qxb6 13. Nc3 a6 14. Bxc6 Bxc6
15. O-O Be7 16. Rac1 O-O 17. Rc2 Rfb8 18. Rfc1 Be8 19. Qe3 Rb7 20. Ne2 Qd8 21.
Ne1 Ba4 22. b3 Bb5 23. Nd3 Ba3 24. Nb2 Rbb8 25. Qc3 a5 26. Nf4 h6 27. g3 Bb4
28. Qe3 Ba3 29. Qc3 Bb4 30. Qe3 Ba3 31. Qc3 Bb4 1/2-1/2

[Event "European Club Cup 2006"]
[Site "Fuegen AUT"]
[Date "2006.10.12"]
[Round "5.76"]
[White "Arkell, Keith C"]
[Black "Bezold, Michael"]
[Result "1/2-1/2"]
[WhiteElo "2479"]
[BlackElo "2535"]
[PlyCount "60"]
[EventDate "2006.10.08"]
[EventType "team"]
[EventRounds "7"]
[EventCountry "AUT"]
[Source "lmi"]
[SourceDate "2006.10.08"]

1. d4 Nf6 2. Nf3 d6 3. c4 Nbd7 4. Nc3 e5 5. e4 Be7 6. Be2 O-O 7. O-O c6 8. Re1
a6 9. h3 b5 10. a3 Bb7 11. Qc2 Re8 12. Bf1 Rc8 13. Bd2 exd4 14. Nxd4 g6 15. Bh6
Ne5 16. b3 c5 17. Nf3 Nxf3+ 18. gxf3 b4 19. Ne2 Nd7 20. Qd2 bxa3 21. Rxa3 Bf8
22. Bg5 Be7 23. Bh6 Bf8 24. Bg5 f6 25. Be3 f5 26. Ng3 Ne5 27. Bg2 fxe4 28. fxe4
Nf7 29. f4 Rc7 30. e5 dxe5 1/2-1/2

[Event "European Club Cup 2006"]
[Site "Fuegen AUT"]
[Date "2006.10.12"]
[Round "5.77"]
[White "Atlas, Valery"]
[Black "Williams, Simon"]
[Result "1-0"]
[WhiteElo "2482"]
[BlackElo "2473"]
[PlyCount "111"]
[EventDate "2006.10.08"]
[EventType "team"]
[EventRounds "7"]
[EventCountry "AUT"]
[Source "lmi"]
[SourceDate "2006.10.08"]

1. e4 c5 2. Nf3 d6 3. d4 cxd4 4. Nxd4 Nf6 5. Nc3 g6 6. g3 Nc6 7. Nde2 Bg7 8.
Bg2 Bd7 9. h3 Qc8 10. b3 O-O 11. Bb2 Rb8 12. Qd2 Nb4 13. O-O-O Qc5 14. f4 Rfc8
15. a3 Na6 16. Kb1 b5 17. e5 dxe5 18. fxe5 Qxe5 19. Nd5 Qxb2+ 20. Kxb2 Nxd5+
21. Kc1 Nb6 22. Qe3 b4 23. Rxd7 Nxd7 24. a4 Nac5 25. Rd1 Rb6 26. Kb1 e6 27. Nd4
Rd6 28. Qg1 a6 29. Ne2 Rxd1+ 30. Qxd1 Nf6 31. a5 h5 32. Qd2 Rb8 33. Qd6 Nfd7
34. Bc6 Be5 35. Qd2 Nf6 36. Qg5 Ncd7 37. Qe3 Rc8 38. Bxd7 Nxd7 39. Qd2 Nf6 40.
Qxb4 Rd8 41. Kc1 Nd5 42. Qe4 Bd6 43. c3 Be7 44. b4 Bf6 45. Qc4 Rd6 46. b5 axb5
47. Qxb5 Kg7 48. Kc2 g5 49. Qc5 Ra6 50. c4 Ne7 51. Qb5 Ra7 52. Qb6 Nc8 53. Qb8
Rxa5 54. Qxc8 Be7 55. Qc7 Ra2+ 56. Kb1 1-0